000 00314nam a22001337a 4500
008 181203b xxu||||| |||| 00| 0 eng d
020 _a9780073268927
041 _aeng
080 _a330
100 _a58
101 _aKON
245 _aAccounting Convernmental Nonprofit Entiries
_cReck.W.K
942 _2udc
_cBK
999 _c52696
_d52696